01548cam a22003854i 4500003000900000005001700009008004100026035001800067040004300085082002200128100004100150245018700191264005700378300003900435336002100474337002500495338002300520504003600543505035900579526001000938526001000948526001000958526001000968526000800978526000800986526000800994526000801002526000801010526000801018526000801026611002201034650002401056700003901080710004301119PE-LiUPU20250731173258.0150616s r 000 0 d a(Sirsi) a3590 aPE-LiUPUbspacPE-LiUPUdPE-LiUPUerda04a262.52bG543p2231 aGladstone, W. E.,d1809-1898eautor.13aEl Papa y el poder civil, obra en tres partes :ba que se agregan El syllabus papal de errores ; y Los decretos dogmáticos del Concilio, en latín y castellano /cW. E. Gladstone. 1aNueva York :bSociedad Americana de Tratados,c19 0. a320 páginas ;c20 centímetros. atext2rdacontent aunmediated2rdamedia avolume2rdacarrier aIncluye notas bibliográficas.0 aI. Los decretos del Vaticano examinados bajo el punto de vista de su influencia sobre la fidelidad a los pobres civiles. II. Vaticanismo: Respuestas a varias censuras y réplicas. III. Historia del concilio del vaticano. Syllabus papal de errores -- Decretos dogmáticos del concilio del vaticano referentes a la fe Católica y a la iglesia de Cristo. aSEG42 aSEG41 aSEG40 aSEG39 aP94 aP87 aP86 aP85 aP77 aP76 aP3514aConcilio Vaticano14aInfalibilidad papal aSchaff, Philip,d1819-1893eautor. aIglesia Católica.bPapa, (1846-1878)